000
00317nam a22001337a 4500
008
181031b xxu||||| |||| 00| 0 eng d
020
_a
007911167
041
_a
eng
080
_2
3rd
_a
616.12
100
_a
7
101
_a
KAR
245
_a
Fishman's Pulmonary Diseases and Disorders
_c
Fishman, A.P
942
_2
udc
_c
BK
999
_c
51277
_d
51277